| LEADER |
00770nas0a2200229 450 |
| 001 |
16867873 |
| 011 |
|
|
|b Br.
|d 3,3
|
| 100 |
|
|
|a 20260313d2023 u u0frey01 ba
|
| 101 |
0 |
|
|a fre
|
| 102 |
|
|
|a FR
|
| 110 |
0 |
|
|a auu 0uu0
|
| 200 |
0 |
|
|a Dr. Good ! [ 52 ]
|e Michel Cymes
|f Michel Cymes, Directeur du comité éditorial
|
| 207 |
|
1 |
|a 52
|
| 210 |
|
|
|a Milan
|c Mondadori
|d 2023
|
| 464 |
|
|
|a Contre l'arthrose, le soin c'est le mouvement
|
| 464 |
|
|
|a Polluants dans la maison, comment s'en protéger
|
| 464 |
|
|
|a Troubles de la vision: prévenir et guérir
|
| 464 |
|
|
|a Test: montres connectées
|
| 676 |
|
|
|a 070.17
|
| 900 |
|
|
|a Revues et magazines
|
| 901 |
|
|
|a Adultes
|
| 995 |
|
|
|a Médiathèque
|c Médiathèque
|f 089021778
|h 089021778
|k 070.17 DRG 52
|o p
|q a
|r az
|e Médiathèque
|